Zaujímavosť vo Washingtone znie spišské nárečie

Bibliographic Details
Format: Article
Language:Slovak
PhysicalDescription:Fotogr.
ISSN:1335-7590
Subjects:

MARC

LEADER 00000nab a2200000 ar4500
001 vtls010500556
003 SK-MaSNL
005 20260305040148.0
008 130403c20110921xo mr|p|||||||000 b|slo
038 |a SNSK 
040 |b slo  |c SNSK  |e AACR2 
041 |a slo 
044 |a xo  |c SK 
080 |a 811.162.4  |x (437.672)  |x (038)  |2 2001 
245 0 0 |a Zaujímavosť  |b vo Washingtone znie spišské nárečie  |c [autor](šim) 
300 |b Fotogr. 
600 1 7 |a Fábry, Ondrej,  |d 1935-  |t Slovník spišského nárečia  |2 snsk  |9 172402 
650 0 7 |a spišské nárečia  |2 snsk  |9 1232190 
651 7 |a Slatvina (Slovensko)  |2 snsk  |9 59061 
651 7 |a Spišská Nová Ves (Slovensko : okres)  |2 snsk  |9 22259 
655 7 |a dialektologické slovníky  |2 snsk  |9 73311 
773 0 |t Spišský Korzár  |g Roč. XIII., č. 218 (21.9.2011), s. 4  |x 1335-7590 
852 |a SNSK  |b KIS3GCP 
999 |c 3336979  |d 3338909